Welcome to the Holygrace Academy Library

Please use search bar below to get started

BUTTONS THE RUNAWAY PUPPY (Record no. 2035)

MARC details
000 -LEADER
fixed length control field 00368nam a22001457a 4500
020 ## - INTERNATIONAL STANDARD BOOK NUMBER
ISBN 978-1-84715-087-5
082 ## - DEWEY DECIMAL CLASSIFICATION NUMBER
Classification number 823
Item number WEB/B
245 ## - TITLE STATEMENT
Title BUTTONS THE RUNAWAY PUPPY
Remainder of title SHORT STORY
246 ## - VARYING FORM OF TITLE
Title proper/short title BUTTONS THE RUNAWAY PUPPY
Remainder of title SHORT STORY
260 ## - PUBLICATION, DISTRIBUTION, ETC. (IMPRINT)
Place of publication LONDON
Name of publisher STRIPES PUBLISHING
Year of publication 2009
300 ## - PHYSICAL DESCRIPTION
Number of Pages 128
520 ## - SUMMARY, ETC.
Summary, etc SHORT STORY
650 ## - SUBJECT ADDED ENTRY--TOPICAL TERM
Topical Term SHORT STORY
942 ## - ADDED ENTRY ELEMENTS (KOHA)
Koha item type Books
Holdings
Withdrawn status Lost status Collection code Home library Current library Shelving location Date acquired Source of acquisition Full call number Accession Number Koha item type
    Fiction Main Library Main Library SHELF 4-B ANIMAL ARK 23/07/2019 Purchase 823 WEB/B 11476 Books